000 00729cam a2200229 a 4500
008
020 _a1878707469 (pbk.)
049 _aMAIN
090 _aTK9965
_bBLE
100 1 _aBlechman, Fred.
245 1 0 _aSimple, low cost electronics projects /
_cby Fred Blechman.
260 _aBurlington :
_bElsevier science,
_cc1998.
300 _aviii, 216 p. :
_bill. ;
_c28 cm.
500 _aIncludes index.
650 0 _aElectronic apparatus and appliances
_xDesign and construction
_xAmateurs' manuals.
650 0 _aElectronics
_xAmateurs' manuals.
907 _a.b10320830
_b16-10-12
_c15-10-12
003
005 20230123125458.0
040 _cNUST
942 _cBOOKS
_kTK9965
_mBLE
999 _c142224
_d142224